Introduction to chemical engineering (Record no. 13776)

000 -LEADER
fixed length control field 00517nam a22001931 4500
001 - CONTROL NUMBER
control field 13776
003 - CONTROL NUMBER IDENTIFIER
control field BD-DhUET
008 - FIXED-LENGTH DATA ELEMENTS--GENERAL INFORMATION
fixed length control field 761110s1959 xx 000 0 eng
040 ## - CATALOGING SOURCE
Original cataloging agency DLC
Transcribing agency OTU
Modifying agency BD-DhUET
082 ## - DEWEY DECIMAL CLASSIFICATION NUMBER
Classification number 660.28
Item number LIT/1959
100 ## - MAIN ENTRY--PERSONAL NAME
Personal name Littlejohn, Charles E.
245 03 - TITLE STATEMENT
Title Introduction to chemical engineering
250 ## - EDITION STATEMENT
Edition statement 1st ed.
260 ## - PUBLICATION, DISTRIBUTION, ETC. (IMPRINT)
Place of publication, distribution, etc. New York
Name of publisher, distributor, etc. Reinhold Publishing
Date of publication, distribution, etc. 1959
300 ## - PHYSICAL DESCRIPTION
Extent 271 p.
Other physical details illus.
Dimensions 24 cm.
650 #0 - SUBJECT ADDED ENTRY--TOPICAL TERM
Topical term or geographic name as entry element Chemical engineering
700 ## - ADDED ENTRY--PERSONAL NAME
Personal name Meenaghan, George F.
942 ## - ADDED ENTRY ELEMENTS (KOHA)
Koha item type General Book
Holdings
Withdrawn status Copy number Date acquired Shelving location Koha date last seen Piece designation (barcode) Source of classification or shelving scheme Lost status Koha normalized classification for sorting Koha item type Sublocation or collection (holding branch) Not for loan Location (home branch) Koha full call number Damaged status Price effective from
 12015-03-04Circulation section2015-03-0445104  660_280000000000000_LIT_1959General BookCentral Library, BUET Central Library, BUET660.28/LIT/1959 2015-03-04
 22015-05-11Circulation section2015-05-1120431  660_280000000000000_LIT_1959General BookCentral Library, BUET Central Library, BUET660.28/LIT/1959 2015-05-11
 32015-05-13Circulation section2015-05-136630  660_280000000000000_LIT_1959General BookCentral Library, BUET Central Library, BUET660.28/LIT/1959 2015-05-13
 42015-05-14Circulation section2015-05-1420432  660_280000000000000_LIT_1959General BookCentral Library, BUET Central Library, BUET660.28/LIT/1959 2015-05-14